000 00298nam a22001331a 4500
082 _aM3
_bNAL
245 _aNalal naluvazhi/
260 _a
_b
_c
300 _a114p
650 _aNovel Malayalam
_9111578
650 _aLiterature Malayalam
_9111579
650 _aLiterature
_9111580
942 _cBK
999 _c30326
_d30326